Normal view
MARC view
- Rigdon, Steven E.
Entry Personal Name
001 - CONTROL NUMBER
- control field: 96218
003 - CONTROL NUMBER IDENTIFIER
- control field: NUST
005 - DATE AND TIME OF LATEST TRANSACTION
- control field: 20220802102046.0
008 - FIXED-LENGTH DATA ELEMENTS
- fixed length control field: 220802|| aca||aabn | a|a d
040 ## - CATALOGING SOURCE
- Original cataloging agency: NUST
- Transcribing agency: NUST
100 ## - HEADING--PERSONAL NAME
- Personal name: Rigdon, Steven E.
670 ## - SOURCE DATA FOUND
- Source citation: Work cat.: (NUST)175504: Rigdon, Steven E.,, Statistical methods for the reliability of repairable systems /, 2000.
